00253nam a22000857a 4500082001800000100001800018245007800036300001600114526003700130 a625.7bHEAcD aDowling J W F aExamples of the use of terrestriaal photogrammetry in highway engineering a7P.:bill.; a0b0c0d625_700000000000000_HEA